| 000 | 00618nam a22002057a 4500 | ||
|---|---|---|---|
| 999 |
_c1468 _d1468 |
||
| 003 | AR-CdUCM | ||
| 008 | 190227b ||||| |||| 00| 0 spa d | ||
| 020 | _a9972917215 | ||
| 040 |
_aMUNICIPALIDAD PROVINCIAL DEL CUSCO _cBIBLIOTECA MUNICIPAL DEL CUSCO |
||
| 082 |
_b923.73 / _2J34 |
||
| 100 |
_aJefferson, Tomás _95571 |
||
| 245 | _aAutobiografía de Tomás Jefferson / | ||
| 260 |
_aMéxico, D. F : _bNovaro, _c1963. |
||
| 300 |
_a159 paginas ; _c17 cm. |
||
| 505 | _aAutobiografía de Tomás Jefferson ... | ||
| 650 |
_aBiografías _9148 |
||
| 700 |
_aMalone, Dumas _95572 |
||
| 942 |
_2ddc _cLIBROS |
||
| 945 | _aacv | ||